Library Banner

Fundamentals of statistical experimental design and analysis/ (Record no. 92670)

MARC details
000 -LEADER
fixed length control field 00465nam a22001697a 4500
005 - DATE AND TIME OF LATEST TRANSACTION
control field 20170417115813.0
008 - FIXED-LENGTH DATA ELEMENTS--GENERAL INFORMATION
fixed length control field 170417b xxu||||| |||| 00| 0 eng d
020 ## - INTERNATIONAL STANDARD BOOK NUMBER
International Standard Book Number 9781118654638
040 ## - CATALOGING SOURCE
Transcribing agency PK-LaUMT
082 ## - DEWEY DECIMAL CLASSIFICATION NUMBER
Classification number 519.57
Item number EAS-F
100 ## - MAIN ENTRY--PERSONAL NAME
Personal name Easterling , Robert G.
245 ## - TITLE STATEMENT
Title Fundamentals of statistical experimental design and analysis/
Statement of responsibility, etc Robert G. Easterling
260 ## - PUBLICATION, DISTRIBUTION, ETC. (IMPRINT)
Place of publication, distribution, etc London:
Name of publisher, distributor, etc John Wiley,
Date of publication, distribution, etc 2015
300 ## - PHYSICAL DESCRIPTION
Extent 246 p.
546 ## - LANGUAGE NOTE
Language note EN
942 ## - ADDED ENTRY ELEMENTS (KOHA)
Koha item type Books
Holdings
Withdrawn status Lost status Damaged status Home library Current library Date acquired Full call number Barcode Date last seen Price effective from Koha item type
      UMT Main Campus UMT Main Campus 2017-04-17 519.57 EAS-F 107293 2017-04-17 2017-04-17 Books